Normal view
MARC view
- Neumann, Lance A.
Entry Personal Name
001 - CONTROL NUMBER
- control field: 22200
003 - CONTROL NUMBER IDENTIFIER
- control field: NUST
005 - DATE AND TIME OF LATEST TRANSACTION
- control field: 20191001143429.0
008 - FIXED-LENGTH DATA ELEMENTS
- fixed length control field: 191001|| aca||aabn | a|a d
040 ## - CATALOGING SOURCE
- Original cataloging agency: NUST
- Transcribing agency: NUST
100 ## - HEADING--PERSONAL NAME
- Personal name: Neumann, Lance A.
- Fuller form of name: (Lance Arnold)
670 ## - SOURCE DATA FOUND
- Source citation: Work cat.: (NUST)0: Neumann, Lance A. (Lance Arnold), Methods for capital programming and project selection /, 1997.
